Tokyo - Jhayco - Estadísticas

Estadísticas generales
  • Esta prueba ha sido intentada 79 veces
  • La puntuación promedio es 222 de 297
Estadísticas de respuestas
Respuesta % Correcto
a
100%
y
98%
si
96%
te
96%
tu
96%
96%
en
94%
En
94%
me
92%
no
92%
no'
92%
yo
92%
Yo
92%
de
90%
dime
90%
enamoras
90%
la
90%
mi
90%
90%
que
90%
¿Qué
90%
ti
90%
cora'
88%
el
86%
pienso
86%
por
84%
se
84%
está
80%
pa'
80%
pensando
80%
siempre
80%
corazón
78%
roto
78%
salir
78%
como
76%
Con
76%
con
76%
mente
76%
paso
76%
foto
74%
miro
74%
quieres
74%
sola
74%
ahí
72%
ahi
72%
celular
72%
hora
72%
otro
72%
un
72%
veo
72%
joda
70%
agoto
68%
baby
68%
estás
68%
quiero
68%
voy
68%
amorfoda
66%
pregunté
66%
vi
66%
desde
64%
importa
64%
verdad
64%
eres
62%
señora
58%
ya
58%
hacerte
56%
solo
56%
dicen
52%
moda
52%
porque
52%
estar
50%
soltera
50%
le
46%
remix
44%
hagas
42%
hay
40%
hizo
40%
lo
40%
malo
40%
"Toda"
40%
Cardi B
38%
al
36%
amar?
36%
pero
36%
hundir?
32%
bizcocho
30%
podértelo
30%
sentir?
30%
buscar
28%
ese
28%
quererte
28%
cabrones
26%
carajo
26%
dejo
26%
llegue
26%
saco
26%
chiste
24%
coja'
24%
podemo'
24%
quieren
24%
reproducir
24%
sale
24%
"Triste"
24%
aunque
22%
boda
22%
canto
20%
decir
20%
enrolé
20%
estos
20%
hiciste?
18%
prendiste
18%
ser
16%
No se encontraron pruebas coincidentes
Distribución de puntuación
Porcentaje de gente con cada puntuación
Porcentaje por número respondido
Historial de tus puntuaciones
No has intentado esta prueba.